| 000 -LEADER |
| fixed length control field |
00850nam a2200229Ia 4500 |
| 001 - CONTROL NUMBER |
| control field |
11231 |
| 003 - CONTROL NUMBER IDENTIFIER |
| control field |
GE_BSU |
| 008 - FIXED-LENGTH DATA ELEMENTS--GENERAL INFORMATION |
| fixed length control field |
181216s||||||||xx |||||||||||||| ||und|| |
| 040 ## - CATALOGING SOURCE |
| Transcribing agency |
GE_BSU |
| 080 ## - UNIVERSAL DECIMAL CLASSIFICATION NUMBER |
| Universal Decimal Classification number |
595.7(075.8) |
| 100 ## - MAIN ENTRY--PERSONAL NAME |
| Personal name |
ლ. კალანდაძე, ირ. ბათიაშვილი, ს. ქარუმიძე და სხვა. |
| 245 ## - TITLE STATEMENT |
| Title |
ენტიმოლოგია |
| 245 ## - TITLE STATEMENT |
| Remainder of title |
სახელმძღ. სას-სამ. ინ-ტისათვის |
| 245 ## - TITLE STATEMENT |
| Statement of responsibility, etc. |
რედ: ლ. კალანდაძე |
| 260 ## - PUBLICATION, DISTRIBUTION, ETC. |
| Place of publication, distribution, etc. |
თბილისი. |
| 260 ## - PUBLICATION, DISTRIBUTION, ETC. |
| Name of publisher, distributor, etc. |
სას-სამ. ინ-ტის გამ-ბა |
| 260 ## - PUBLICATION, DISTRIBUTION, ETC. |
| Date of publication, distribution, etc. |
1956 |
| 300 ## - PHYSICAL DESCRIPTION |
| Extent |
482გვ.24სმ. |
| 300 ## - PHYSICAL DESCRIPTION |
| Accompanying material |
ილ. საძიებლები გვ. 454-482 |
| 653 ## - INDEX TERM--UNCONTROLLED |
| Uncontrolled term |
ენტიმოლოგია |
| 942 ## - ADDED ENTRY ELEMENTS (KOHA) |
| Koha item type |
წიგნი |